000 00703nam a22002057a 4500
005 20160713123831.0
010 _aENG-115419
020 _a9781470425845
_c912.00
035 _aEN-98951
037 _bDBAD/PUB
082 _a515
100 _aZworski,Maciej
245 _aSemiclassical analysis /
_cMaciej Zworski
260 _aRhode Island
_bAmerican Mathematical Society
_c2016
270 _aDistributed by-Universties Press,3-6-747/1/A & 3-6 754/1,Himayatnagar
_bHyderabad (Telagana)
_e500029
300 _axii,431p.
_c24cm(pbk)
490 _avol-138 ; Graduate Studies in Mathematics
500 _aIncludes bibliographical references and Index
942 _2ddc
_cEN
_h515
_mZWO
999 _c101264
_d101264